• 首页
  • 本馆介绍
  • 公告通知
  • 最新文献
  • 馆藏检索
  • 电子资源
  • 读者导购
  • 参考咨询
  • 我的图书馆
  • 登录
  • 详细信息显示
  • 放入我的书架
  • 预约/预借图书
  • 作者相关作品
  • 分类相关作品
  • 丛书相关作品
  • 出版社相关作品

书目信息

  • 表格格式
  • 工作单格式
  • 卡片格式
题名:
高速铁路通信技术
    
 
作者: ;中国铁路总公司 编著
分册:   业务网
出版信息: 北京   中国铁道出版社  2016
页数: 188页
开本: 26cm
丛书名:
单 册:
中图分类: U285
科图分类:
主题词: 高速铁路--铁路通信--技术培训--教材
电子资源:
ISBN: 978-7-113-19242-6
000 00892nam0 2200253 450
001 2333798893
005 20231221214232.78
010    @a978-7-113-19242-6@d58.00CNY
090    @aU285@bzgt
096    @aU238@bzgt
100    @a20160616d2016 em y0chiy0120 ea
101 0  @achi
102    @aCN@b110000
105    @aa z 000yy
200 1  @a高速铁路通信技术@Agao su tie lu tong xin ji shu@i业务网@f中国铁路总公司[编著]
210    @a北京@c中国铁道出版社@d2016
215    @a188页@c图@d26cm
300    @a高速铁路管理人员和专业技术人员培训教材 专业关键技术教材
330    @a本书共五篇十八章,主要内容包括:业务网基础知识、铁路调度通信、铁路会议通信、铁路综合视频监控、铁路应急通信等五部分。
606 0  @a高速铁路@x铁路通信@x技术培训@j教材
690    @aU285@v5
711 02 @a中国铁路总公司@Azhong guo tie lu zong gong si@4编著
801  2 @aCN@b辽宁北配@c20231205
905    @aBZT@dU285@e2:1
    
    高速铁路通信技术.业务网/中国铁路总公司[编著].-北京:中国铁道出版社,2016
    188页:图;26cm
    高速铁路管理人员和专业技术人员培训教材 专业关键技术教材
    
    ISBN 978-7-113-19242-6:58.00CNY
    本书共五篇十八章,主要内容包括:业务网基础知识、铁路调度通信、铁路会议通信、铁路综合视频监控、铁路应急通信等五部分。
●
相关链接 在五车中查询图书 在当当中查询图书 在豆瓣中查询图书


正题名:高速铁路通信技术     索取号:U285/2:1         预约/预借

序号 登录号 条形码 馆藏地/架位号 状态 备注
1 2001688346   2001688346   516书库/ [索取号:U285/2:1] 在馆    
2 2001688347   2001688347   516书库/ [索取号:U285/2:1] 在馆    
3 2001688348   2001688348   516书库/ [索取号:U285/2:1] 在馆    
4 2001688349   2001688349   516书库/ [索取号:U285/2:1] 在馆    
5 2001688350   2001688350   516书库/ [索取号:U285/2:1] 在馆    
6 2001688351   2001688351   516书库/ [索取号:U285/2:1] 在馆    
7 2001688352   2001688352   516书库/ [索取号:U285/2:1] 在馆    
8 2001688353   2001688353   516书库/ [索取号:U285/2:1] 在馆    
9 2001688354   2001688354   516书库/ [索取号:U285/2:1] 在馆    
10 2001688355   2001688355   516书库/ [索取号:U285/2:1] 在馆    
11 2001688356   2001688356   516书库/ [索取号:U285/2:1] 在馆    
12 2001688357   2001688357   516书库/ [索取号:U285/2:1] 在馆    
山东省滨州职业学院图书馆 欢迎您!
大连网信软件有限公司© 版权所有